000 00208nam a2200097Ia 4500
008 240331s9999 xx 000 0 und d
082 _bRAN
100 _aRanasinghe,A
245 0 _aAt what dark point
942 _cL
999 _c4982
_d4982